Living Together. Multi-Family Housing Today

Enregistré dans:
Détails bibliographiques
Auteur principal: Crosbie, Michael James (Auteur)
Format: Livre
Langue:anglais
Publié: Mulgrave : Images Publishing Group, 2007
Sujets:
Tags: Ajouter un tag
Pas de tags, Soyez le premier à ajouter un tag!

MARC

LEADER 00000nam a22000003a 4500
001 stu149550
005 20150617225942.0
008 071115s2007----at------------------eng-d
020 |a 1-86470-236-2 
040 |a STU  |b slo 
041 0 |a eng 
044 |a at 
100 1 |a Crosbie, Michael James  |4 aut 
245 1 |a Living Together. Multi-Family Housing Today 
260 |a Mulgrave :  |b Images Publishing Group,  |c 2007 
300 |a 224 s 
650 7 |a bytové domy  |2 stusub 
650 7 |a apartment houses  |2 estusub 
996 |b 284AU03745  |c A*5628 U  |l AAKNAR  |s A  |a 24  |w stu149550_0001 
996 |b 284AU04522  |c A*7022 U  |l AAKNAR  |s A  |a 24  |w stu149550_0002